000 00670nam a2200229 i 4500
001 C2-0167181
003 PPAK
005 20180727133502.0
008 980705s1986 nyua|||| ||||| | eng d
020 _a0442260830
040 _aPPAK
_beng
_cPPAK
_erda
082 0 4 _a658.514
_223
090 0 0 _a658.514
_bMIL
_dR
100 1 _aMiller A., Jule,
_eauthor
245 1 0 _aFrom idea to profit :
_bmanaging advanced manufacturing technology
264 1 _aNew York :
_bVan Nostrand Reinhold Company ,
_c1986
300 _axvi, 256 pages :
_billustrations
336 _2rdacontent
_atext
337 _2rdamedia
_aunmediated
338 _2rdacarrier
_avolume
942 _ddc
_cB
999 _c49342
_d49342